| 000 | 00937nas a2200301 4500 | ||
|---|---|---|---|
| 001 | BR2012000371 | ||
| 003 | BR-BrBNA | ||
| 005 | 20231205120005.0 | ||
| 007 | ta | ||
| 008 | 230509b bl.|||p| |||| 00| 00por d | ||
| 040 |
_aBR-BrBNA _bpor _cBiblioteca Nacional de Agricultura |
||
| 041 | _a(En) | ||
| 072 | _aF61 | ||
| 100 | 1 | _aBaldotto, M.A. | |
| 100 | 1 | _aGiro, V.B. | |
| 100 | 1 | _aBaldotto, L.E.B. | |
| 100 | 1 | _aCanellas, L.P. | |
| 100 | 1 | _aVelloso, A.C.X. | |
| 245 | 1 | _aInitial performance of pineapple and utilization of rock phosphate applied in combination with organic compounds to leaf axils | |
| 650 | _aABACAXI | ||
| 650 | _aNUTRIÇÃO VEGETAL | ||
| 650 | _aFOSFATO DE ROCHA | ||
| 650 | _aÁCIDO ORGÂNICO | ||
| 650 | _aCRESCIMENTO | ||
| 773 | 0 |
_tRevista Ceres (Brazil) _xISSN 0034-737X _g(May-Jun 2012), v. 58(3) p. 393-401 _wBR2012000371 |
|
| 909 |
_a202311 _bLúcia _c55 _dLúcia Elande |
||
| 942 |
_2AGRIS _n0 _cANA |
||
| 999 |
_c216602 _d216602 |
||